[Event "21. Open Cappelle la Grande"]
[Site "Cappelle la Grande FRA"]
[Date "2005.02.13"]
[Round "2"]
[White "Ushenina, Anna"]
[Black "Hebden, Mark"]
[Result "0-1"]
[WhiteElo "2357"]
[BlackElo "2521"]
[PlyCount "104"]
[EventDate "2005.02.12"]
[EventType "swiss"]
[EventRounds "9"]
[EventCountry "FRA"]
[Source "lmi"]
[SourceDate "2005.02.18"]

1. e4 e5 2. Nf3 Nc6 3. d4 exd4 4. Nxd4 Bc5 5. Be3 Qf6 6. c3 Nge7 7. Bc4 Ne5 8.
Be2 d6 9. O-O Qg6 10. Kh1 O-O 11. f4 Qxe4 12. Nd2 Qxe3 13. Nc2 Ng4 14. Nxe3
Nxe3 15. Qa4 c6 16. Rfc1 b5 17. Qb3 Be6 18. c4 Rab8 19. Qc3 bxc4 20. Nxc4 N7d5
21. Qd2 Rfe8 22. a3 Nxc4 23. Rxc4 Be3 24. Qc2 Nxf4 25. Re4 Bd5 26. Rxe8+ Rxe8
27. Bf3 Bxf3 28. gxf3 h5 29. Qxc6 Re6 30. Re1 d5 31. Qc8+ Kh7 32. Qxe6 fxe6 33.
Rxe3 g5 34. Kg1 Kg6 35. Kf2 g4 36. fxg4 hxg4 37. b4 d4 38. Rb3 e5 39. b5 e4 40.
a4 e3+ 41. Ke1 d3 42. Rb1 Nd5 43. Rb3 Nf4 44. Rb1 Ng2+ 45. Kf1 Nh4 46. b6 axb6
47. Rxb6+ Kf5 48. a5 Nf3 49. Rb2 Ke4 50. Rb4+ Kd5 51. Rb2 Nd4 52. Ke1 Nc2+ 0-1

[Event "21. Open Cappelle la Grande"]
[Site "Cappelle la Grande FRA"]
[Date "2005.02.13"]
[Round "2"]
[White "Skatchkov, Pavel"]
[Black "Mohandesi, Shahin"]
[Result "1-0"]
[WhiteElo "2483"]
[BlackElo "2332"]
[PlyCount "65"]
[EventDate "2005.02.12"]
[EventType "swiss"]
[EventRounds "9"]
[EventCountry "FRA"]
[Source "lmi"]
[SourceDate "2005.02.18"]

1. d4 Nf6 2. Nf3 d5 3. c4 c6 4. Nc3 dxc4 5. a4 Bf5 6. e3 e6 7. Bxc4 Nbd7 8. O-O
Bb4 9. Qe2 O-O 10. Rd1 Qc7 11. e4 Bg4 12. Bg5 h6 13. Bh4 Qf4 14. Bg3 Bxf3 15.
gxf3 Qg5 16. Kh1 Qh5 17. Na2 Be7 18. Nc1 e5 19. Nd3 exd4 20. Nf4 Qa5 21. Ng6
Rfe8 22. b4 Bxb4 23. Qa2 Kh7 24. Bxf7 Red8 25. Be6 Nf8 26. Bf5 Nxg6 27. Qf7 Re8
28. Qxg6+ Kg8 29. Rg1 Re7 30. Bh4 Ne8 31. Bxe7 Bxe7 32. Be6+ Kh8 33. Qf7 1-0

[Event "21. Open Cappelle la Grande"]
[Site "Cappelle la Grande FRA"]
[Date "2005.02.13"]
[Round "2"]
[White "Van Der Weide, Karel"]
[Black "Polard, Gaetan"]
[Result "1-0"]
[WhiteElo "2490"]
[BlackElo "2168"]
[PlyCount "53"]
[EventDate "2005.02.12"]
[EventType "swiss"]
[EventRounds "9"]
[EventCountry "FRA"]
[Source "lmi"]
[SourceDate "2005.02.18"]

1. e4 c5 2. Nf3 d6 3. d4 cxd4 4. Nxd4 Nf6 5. Nc3 g6 6. Be3 Bg7 7. f3 O-O 8. Qd2
Nc6 9. Bc4 Bd7 10. O-O-O Ne5 11. Be2 Qa5 12. Nb3 Qc7 13. Bh6 Rfc8 14. Bxg7 Kxg7
15. g4 Be6 16. g5 Nfd7 17. f4 Nc6 18. Kb1 Kg8 19. h4 Na5 20. h5 Nc4 21. Bxc4
Qxc4 22. f5 gxf5 23. g6 Nf6 24. Qh6 fxg6 25. hxg6 fxe4 26. Rdf1 hxg6 27. Rxf6
1-0

[Event "21. Open Cappelle la Grande"]
[Site "Cappelle la Grande FRA"]
[Date "2005.02.13"]
[Round "2"]
[White "Parant, Frederic"]
[Black "Medghoul, Abdel"]
[Result "0-1"]
[WhiteElo "2118"]
[BlackElo "1962"]
[PlyCount "36"]
[EventDate "2005.02.12"]
[EventType "swiss"]
[EventRounds "9"]
[EventCountry "FRA"]
[Source "lmi"]
[SourceDate "2005.02.18"]

1. e4 d6 2. d4 Nd7 3. Nc3 e5 4. Nf3 Ngf6 5. Bc4 Be7 6. O-O O-O 7. Bg5 c6 8. a4
Qc7 9. h3 b6 10. Qe2 a5 11. Rad1 exd4 12. Nxd4 Ne5 13. Bf4 Re8 14. Rfe1 Bf8 15.
Bb3 Ba6 16. Qd2 Rad8 17. Nf5 Bc8 18. g4 Nf3+ 0-1

[Event "21. Open Cappelle la Grande"]
[Site "Cappelle la Grande FRA"]
[Date "2005.02.13"]
[Round "2"]
[White "Timoshenko, Georgy"]
[Black "Heberla, Bartolomiej"]
[Result "1/2-1/2"]
[WhiteElo "2546"]
[BlackElo "2438"]
[PlyCount "125"]
[EventDate "2005.02.12"]
[EventType "swiss"]
[EventRounds "9"]
[EventCountry "FRA"]
[Source "lmi"]
[SourceDate "2005.02.18"]

1. e4 e6 2. d4 d5 3. Nc3 Nf6 4. e5 Nfd7 5. f4 c5 6. Nf3 Nc6 7. Be3 a6 8. Qd2 b5
9. a3 Qb6 10. Qf2 cxd4 11. Nxd4 Nxd4 12. Bxd4 Bc5 13. Bxc5 Nxc5 14. b4 Nd7 15.
Bd3 Bb7 16. Ne2 Qxf2+ 17. Kxf2 Nb6 18. Nd4 g6 19. g4 h5 20. f5 Ke7 21. f6+ Kd7
22. g5 Rhc8 23. h4 Rc7 24. Rhe1 Rac8 25. Ne2 Rc4 26. Bxc4 Rxc4 27. Kg3 Rg4+ 28.
Kh3 Nc4 29. Ng3 Nd2 30. Rad1 Nc4 31. Re4 Rxg3+ 32. Kxg3 Nxa3 33. c3 Kc7 34.
Red4 Nc4 35. Kf4 Kd7 36. Ra1 Kc6 37. Ra2 Kb6 38. Rd1 Bc8 39. Rda1 Bb7 40. Re2
Bc6 41. Kf3 Bb7 42. Kf2 Bc8 43. Rd1 Bb7 44. Rd4 Kc6 45. Ke1 Kc7 46. Kd1 Kb6 47.
Kc2 Bc6 48. Rd1 Na3+ 49. Kd3 Nc4 50. Ra2 Bb7 51. Ke2 Bc6 52. Kf3 Bb7 53. Kf4
Bc6 54. Raa1 Bb7 55. Rd3 Kc7 56. Rd4 Bc6 57. Rad1 Kd7 58. Rxc4 bxc4 59. Ke3 Bb5
60. Kd4 Kc6 61. Rd2 Kb6 62. Ra2 Kc6 63. Ra3 1/2-1/2

[Event "21. Open Cappelle la Grande"]
[Site "Cappelle la Grande FRA"]
[Date "2005.02.13"]
[Round "2"]
[White "Fedorchuk, Sergey A"]
[Black "Aagaard, Jacob"]
[Result "1-0"]
[WhiteElo "2570"]
[BlackElo "2449"]
[PlyCount "74"]
[EventDate "2005.02.12"]
[EventType "swiss"]
[EventRounds "9"]
[EventCountry "FRA"]
[Source "lmi"]
[SourceDate "2005.02.18"]

1. e4 c5 2. Nf3 d6 3. d4 cxd4 4. Nxd4 Nf6 5. Nc3 a6 6. Be3 e6 7. Be2 Be7 8. O-O
Qc7 9. a4 b6 10. f4 Bb7 11. Bf3 Nbd7 12. Qe1 h5 13. Rd1 Rc8 14. Bf2 Ng4 15. Bg3
Qc5 16. Kh1 g5 17. Nb3 Qe3 18. Be2 Rxc3 19. bxc3 Ndf6 20. Rf3 Qxe4 21. fxg5 h4
22. Bd3 Qxe1+ 23. Bxe1 h3 24. gxf6 hxg2+ 25. Kxg2 Ne3+ 26. Kg1 Bxf3 27. Rb1 Ng4
28. Nd2 Bd5 29. fxe7 Rxh2 30. Be4 Bxe4 31. Nxe4 Kxe7 32. Rxb6 d5 33. Nf2 Rh4
34. Rxa6 Ne5 35. Nd3 Re4 36. Bg3 Nc4 37. Kf2 f6 1-0

[Event "21. Open Cappelle la Grande"]
[Site "Cappelle la Grande FRA"]
[Date "2005.02.13"]
[Round "2"]
[White "Stefansson, Hannes"]
[Black "Plachetka, Jan"]
[Result "1/2-1/2"]
[WhiteElo "2561"]
[BlackElo "2441"]
[PlyCount "96"]
[EventDate "2005.02.12"]
[EventType "swiss"]
[EventRounds "9"]
[EventCountry "FRA"]
[Source "lmi"]
[SourceDate "2005.02.18"]

1. e4 e5 2. Nf3 Nc6 3. Bb5 a6 4. Ba4 Nf6 5. O-O Be7 6. Re1 b5 7. Bb3 O-O 8. a4
Bb7 9. d3 d6 10. Nbd2 Nb8 11. axb5 axb5 12. Rxa8 Bxa8 13. Nf1 Nbd7 14. Ng3 Re8
15. Nf5 Nc5 16. Nxe7+ Qxe7 17. Ba2 Bb7 18. Ng5 Rf8 19. b4 Na4 20. Bd2 Bc8 21.
c4 c6 22. Bb3 h6 23. Nf3 Nb6 24. cxb5 cxb5 25. Be3 Qb7 26. h3 Be6 27. Bxe6 fxe6
28. Qb3 Re8 29. Rc1 Nfd7 30. Nd2 Kh7 31. Nb1 d5 32. Na3 Rc8 33. Nxb5 d4 34. Nd6
Rxc1+ 35. Bxc1 Qc6 36. Nc4 Nxc4 37. Qxc4 Qa4 38. Kh2 Qd1 39. Ba3 Nb6 40. Qxe6
Qxd3 41. Qxb6 Qxa3 42. Qe6 Qxb4 43. Qf5+ Kh8 44. Qxe5 d3 45. Qd5 Qd2 46. e5
Qf4+ 47. Kg1 Qc1+ 48. Kh2 Qf4+ 1/2-1/2

[Event "21. Open Cappelle la Grande"]
[Site "Cappelle la Grande FRA"]
[Date "2005.02.13"]
[Round "2"]
[White "Tissir, Mohamed"]
[Black "Cyborowski, Lukasz"]
[Result "0-1"]
[WhiteElo "2426"]
[BlackElo "2564"]
[PlyCount "54"]
[EventDate "2005.02.12"]
[EventType "swiss"]
[EventRounds "9"]
[EventCountry "FRA"]
[Source "lmi"]
[SourceDate "2005.02.18"]

1. e4 c5 2. Nf3 e6 3. d4 cxd4 4. Nxd4 a6 5. Bd3 Bc5 6. Nb3 Be7 7. O-O d6 8. c4
Nf6 9. Nc3 O-O 10. Qe2 Nc6 11. f4 Nd7 12. Kh1 b6 13. Be3 Bb7 14. Rad1 Qc7 15.
Bb1 Rac8 16. e5 dxe5 17. f5 Nf6 18. Bg5 Rcd8 19. Bxf6 Bxf6 20. fxe6 fxe6 21.
Qe4 g6 22. Qg4 Qe7 23. Ne4 Rxd1 24. Rxd1 Nd4 25. Nxd4 exd4 26. Nxf6+ Qxf6 27.
h3 Qe5 0-1

[Event "21. Open Cappelle la Grande"]
[Site "Cappelle la Grande FRA"]
[Date "2005.02.13"]
[Round "2"]
[White "Kveinys, Aloyzas"]
[Black "Velikov, Petar"]
[Result "1-0"]
[WhiteElo "2518"]
[BlackElo "2430"]
[PlyCount "68"]
[EventDate "2005.02.12"]
[EventType "swiss"]
[EventRounds "9"]
[EventCountry "FRA"]
[Source "lmi"]
[SourceDate "2005.02.18"]

1. d4 d5 2. Nf3 c6 3. c4 Nf6 4. Nc3 a6 5. e3 e6 6. Qc2 Nbd7 7. c5 e5 8. b4 e4
9. Nd2 g6 10. Be2 h5 11. f3 exf3 12. Nxf3 Bh6 13. e4 Bxc1 14. Rxc1 dxe4 15.
Nxe4 O-O 16. Nd6 Nd5 17. Qd2 Qe7 18. O-O Qe3+ 19. Qxe3 Nxe3 20. Rfe1 Nf6 21.
Bd3 Ned5 22. a3 Rb8 23. Ne5 Kg7 24. Rf1 Be6 25. Rce1 Nc7 26. Bc4 Nfd5 27. Bxd5
Nxd5 28. Nec4 Rfd8 29. Rf3 Rd7 30. Ne5 Rc7 31. h4 Rf8 32. Rg3 Nf4 33. Re4 f6
34. Nf3 Re7 1-0

[Event "21. Open Cappelle la Grande"]
[Site "Cappelle la Grande FRA"]
[Date "2005.02.13"]
[Round "2"]
[White "Siebrecht, Sebastian"]
[Black "Jaracz, Pawel"]
[Result "1/2-1/2"]
[WhiteElo "2408"]
[BlackElo "2532"]
[PlyCount "41"]
[EventDate "2005.02.12"]
[EventType "swiss"]
[EventRounds "9"]
[EventCountry "FRA"]
[Source "lmi"]
[SourceDate "2005.02.18"]

1. d4 Nf6 2. Nf3 e6 3. c4 b6 4. g3 Bb4+ 5. Nbd2 Bb7 6. Bg2 Be7 7. O-O O-O 8.
Qc2 d5 9. b3 Nbd7 10. Bb2 c5 11. Rac1 Rc8 12. Qb1 dxc4 13. Nxc4 b5 14. Ncd2 a6
15. Rfd1 cxd4 16. Rxc8 Qxc8 17. Bxd4 Qa8 18. Rc1 Bd5 19. Qb2 Rc8 20. Rc2 Rf8
21. Rc1 1/2-1/2

[Event "21. Open Cappelle la Grande"]
[Site "Cappelle la Grande FRA"]
[Date "2005.02.13"]
[Round "2"]
[White "Foisor, Cristina Adela"]
[Black "Predojevic, Borki"]
[Result "1/2-1/2"]
[WhiteElo "2411"]
[BlackElo "2546"]
[PlyCount "70"]
[EventDate "2005.02.12"]
[EventType "swiss"]
[EventRounds "9"]
[EventCountry "FRA"]
[Source "lmi"]
[SourceDate "2005.02.18"]

1. c4 e5 2. g3 Nf6 3. Bg2 c6 4. d4 exd4 5. Qxd4 d5 6. Nf3 Be7 7. cxd5 cxd5 8.
O-O Nc6 9. Qa4 O-O 10. Be3 Be6 11. Nc3 Qd7 12. Rfd1 a6 13. Bb6 Bd8 14. Bxd8
Rfxd8 15. Nd4 b5 16. Qc2 Rac8 17. Nxc6 Qxc6 18. Qd3 Qc4 19. Rd2 Qxd3 20. exd3
Kf8 21. Ne2 Ke7 22. Nd4 Kd6 23. f4 Rc7 24. h3 Rdc8 25. Kf2 Ng8 26. Re1 Ne7 27.
g4 Nc6 28. Ke3 Nxd4 29. Kxd4 Rc2 30. Ree2 Rxd2 31. Rxd2 f6 32. a3 a5 33. Rf2
Rc1 34. Bf3 h6 35. h4 Rc7 1/2-1/2

[Event "21. Open Cappelle la Grande"]
[Site "Cappelle la Grande FRA"]
[Date "2005.02.13"]
[Round "2"]
[White "Milanovic, Danilo"]
[Black "Delchev, Aleksander"]
[Result "0-1"]
[WhiteElo "2447"]
[BlackElo "2597"]
[PlyCount "80"]
[EventDate "2005.02.12"]
[EventType "swiss"]
[EventRounds "9"]
[EventCountry "FRA"]
[Source "lmi"]
[SourceDate "2005.02.18"]

1. d4 Nf6 2. c4 e6 3. Nc3 Bb4 4. e3 O-O 5. Nge2 d5 6. a3 Be7 7. cxd5 exd5 8. g3
a5 9. Bg2 Na6 10. O-O Re8 11. Bd2 c6 12. Qc2 Nc7 13. Rad1 Bf8 14. Bc1 b5 15. f3
b4 16. Na4 Ba6 17. Rfe1 Bb5 18. Nf4 bxa3 19. bxa3 Rb8 20. Bf1 Bd6 21. Nd3 Ne6
22. Ndc5 Qe7 23. Bd2 Nd7 24. Nxd7 Qxd7 25. Ra1 Ng5 26. Bg2 Nh3+ 27. Kh1 h5 28.
Nb2 h4 29. g4 Ng5 30. h3 Bc7 31. Nd1 Bc4 32. f4 Ne6 33. Nf2 c5 34. dxc5 Nxc5
35. Rab1 Nb3 36. Bc3 a4 37. Rbd1 Bb6 38. Bb2 Rbc8 39. Qc3 d4 40. exd4 Be2 0-1

[Event "21. Open Cappelle la Grande"]
[Site "Cappelle la Grande FRA"]
[Date "2005.02.13"]
[Round "2"]
[White "Socko, Bartosz"]
[Black "Iskusnyh, Sergei"]
[Result "0-1"]
[WhiteElo "2591"]
[BlackElo "2459"]
[PlyCount "82"]
[EventDate "2005.02.12"]
[EventType "swiss"]
[EventRounds "9"]
[EventCountry "FRA"]
[Source "lmi"]
[SourceDate "2005.02.18"]

1. d4 Nf6 2. c4 g6 3. Nc3 Bg7 4. e4 d6 5. f3 O-O 6. Nge2 c5 7. d5 e6 8. Ng3
exd5 9. cxd5 Nh5 10. Nxh5 gxh5 11. Bd3 Nd7 12. O-O Ne5 13. Bc2 Bd7 14. a4 Qh4
15. Rb1 a6 16. Ne2 f5 17. b4 fxe4 18. Bxe4 b6 19. a5 b5 20. bxc5 dxc5 21. d6
Rae8 22. Ng3 Kh8 23. Be3 c4 24. Qc1 Nd3 25. Qd2 Nf4 26. Kh1 Be5 27. Bd4 Bxd4
28. Qxd4+ Qf6 29. Qc5 h4 30. Qc7 Rd8 31. Rfe1 hxg3 32. hxg3 Nh5 33. Kh2 Qh6 34.
Bc2 Nxg3+ 35. Kxg3 Rg8+ 36. Kf2 Rxg2+ 37. Kxg2 Qd2+ 38. Kh1 Rg8 39. Bg6 Qh6+
40. Kg1 Rxg6+ 41. Kf1 Bh3+ 0-1

[Event "21. Open Cappelle la Grande"]
[Site "Cappelle la Grande FRA"]
[Date "2005.02.13"]
[Round "2"]
[White "Czarnota, Pawel"]
[Black "Landa, Konstantin"]
[Result "1/2-1/2"]
[WhiteElo "2432"]
[BlackElo "2574"]
[PlyCount "88"]
[EventDate "2005.02.12"]
[EventType "swiss"]
[EventRounds "9"]
[EventCountry "FRA"]
[Source "lmi"]
[SourceDate "2005.02.18"]

1. e4 e5 2. Nf3 Nc6 3. Bb5 Nf6 4. O-O Nxe4 5. d4 a6 6. Ba4 b5 7. Bb3 d5 8. dxe5
Be6 9. Qe2 Be7 10. Rd1 O-O 11. c4 bxc4 12. Bxc4 Bc5 13. Be3 Bxe3 14. Qxe3 Qb8
15. Bb3 Na5 16. Nbd2 Qa7 17. Nxe4 Qxe3 18. fxe3 Nxb3 19. axb3 dxe4 20. Nd4 c5
21. Nxe6 fxe6 22. Rd7 Rf5 23. Ra5 Rxe5 24. b4 Rc8 25. h4 Rd5 26. Rb7 cxb4 27.
Rxa6 Rh5 28. Rxe6 Rxh4 29. Rxb4 Rc1+ 30. Kf2 Rg4 31. Rexe4 Rc2+ 32. Kf3 Rgxg2
33. Rb8+ Kf7 34. Rf4+ Kg6 35. b4 Kh5 36. b5 g5 37. Rd4 Rh2 38. Ke4 Rh3 39. Rh8
Rc7 40. b6 Re7+ 41. Kd5 Rhxe3 42. Ra4 R7e5+ 43. Kd6 Re6+ 44. Kd5 R6e5+ 1/2-1/2

[Event "21. Open Cappelle la Grande"]
[Site "Cappelle la Grande FRA"]
[Date "2005.02.13"]
[Round "2"]
[White "Vul, Arkadi Eremeevich"]
[Black "Degraeve, Jean Marc"]
[Result "1/2-1/2"]
[WhiteElo "2430"]
[BlackElo "2569"]
[PlyCount "82"]
[EventDate "2005.02.12"]
[EventType "swiss"]
[EventRounds "9"]
[EventCountry "FRA"]
[Source "lmi"]
[SourceDate "2005.02.18"]

1. Nf3 g6 2. c4 Bg7 3. d4 c5 4. e4 Qa5+ 5. Bd2 Qb6 6. Bc3 Nc6 7. d5 Nd4 8. e5
Nxf3+ 9. Qxf3 f6 10. exf6 Nxf6 11. Bd3 O-O 12. Qe2 e6 13. dxe6 Re8 14. O-O Qxe6
15. Qxe6+ Rxe6 16. Nd2 d6 17. Rfe1 Bd7 18. Rxe6 Bxe6 19. Re1 Re8 20. Bxf6 Bxf6
21. Ne4 Be5 22. Nxc5 Bf7 23. Ne4 Bxb2 24. Rb1 Be5 25. Rxb7 Rc8 26. Ng5 Bxc4 27.
Bxc4+ Rxc4 28. f4 Bxf4 29. Rb8+ Kg7 30. Ne6+ Kf6 31. Nxf4 Rxf4 32. Rb7 Ra4 33.
Rxh7 Rxa2 34. Rd7 Ke5 35. Re7+ Kd4 36. Re6 d5 37. Rxg6 Ke3 38. Re6+ Kf4 39. h4
d4 40. Rd6 Kg3 41. Kf1 Kxh4 1/2-1/2

[Event "21. Open Cappelle la Grande"]
[Site "Cappelle la Grande FRA"]
[Date "2005.02.13"]
[Round "2"]
[White "Baklan, Vladimir"]
[Black "Nikitin, Andrey"]
[Result "1/2-1/2"]
[WhiteElo "2578"]
[BlackElo "2453"]
[PlyCount "75"]
[EventDate "2005.02.12"]
[EventType "swiss"]
[EventRounds "9"]
[EventCountry "FRA"]
[Source "lmi"]
[SourceDate "2005.02.18"]

1. e4 e6 2. d4 d5 3. Nc3 Bb4 4. e5 c5 5. a3 Bxc3+ 6. bxc3 Qa5 7. Bd2 Qa4 8. Qb1
a6 9. Qb3 Qxb3 10. cxb3 Nc6 11. dxc5 Nxe5 12. c4 Ne7 13. cxd5 exd5 14. O-O-O
Bf5 15. Bc3 f6 16. Nf3 Nxf3 17. gxf3 Kf7 18. Ba5 Nc6 19. Bb6 d4 20. b4 Rhe8 21.
Rg1 g5 22. Bc7 h6 23. f4 g4 24. Bd6 h5 25. Bc4+ Be6 26. Bd3 f5 27. Kd2 Kf6 28.
Rge1 Bd5 29. Rxe8 Rxe8 30. Rb1 h4 31. a4 g3 32. fxg3 hxg3 33. hxg3 Re3 34. b5
Rxd3+ 35. Kxd3 Be4+ 36. Kd2 Bxb1 37. bxc6 bxc6 38. Be5+ 1/2-1/2

[Event "21. Open Cappelle la Grande"]
[Site "Cappelle la Grande FRA"]
[Date "2005.02.13"]
[Round "3"]
[White "Chernyshov, Konstantin"]
[Black "Foisor, Cristina Adela"]
[Result "1/2-1/2"]
[WhiteElo "2556"]
[BlackElo "2411"]
[PlyCount "133"]
[EventDate "2005.02.12"]
[EventType "swiss"]
[EventRounds "9"]
[EventCountry "FRA"]
[Source "lmi"]
[SourceDate "2005.02.18"]

1. d4 g6 2. Nc3 c6 3. h4 h5 4. e4 d5 5. exd5 cxd5 6. Bf4 Bg7 7. Nb5 Kf8 8. Bc7
Qd7 9. Bg3 a6 10. Nc3 Nc6 11. Nf3 Nh6 12. Ne2 Qd8 13. c3 Bg4 14. Nf4 Na5 15.
Bd3 Nf5 16. Bxf5 Bxf5 17. O-O Bf6 18. Nd3 Kg7 19. Re1 Nc4 20. b3 Nd6 21. Bxd6
Qxd6 22. Nde5 Rac8 23. Rc1 b5 24. Qe2 Rc7 25. b4 Rhc8 26. Qd2 Qb6 27. a3 a5 28.
Qb2 Be4 29. Nd2 Bxh4 30. Nxe4 dxe4 31. Rxe4 Bg5 32. Rc2 axb4 33. axb4 Qe6 34.
f3 f5 35. Ree2 Ra8 36. c4 bxc4 37. Nxc4 Qf6 38. b5 Rca7 39. d5 Qxb2 40. Rxb2
Bf6 41. Rb1 Ra1 42. Rxa1 Rxa1+ 43. Kf2 Rb1 44. d6 exd6 45. Nxd6 Bd4+ 46. Kg3
Bc5 47. Re6 Bxd6+ 48. Rxd6 Rxb5 49. f4 Rb4 50. Rc6 Kh6 51. Rc8 h4+ 52. Kxh4
Rxf4+ 53. Kg3 Kg5 54. Rc5 Rf1 55. Kh3 Rh1+ 56. Kg3 Ra1 57. Kh3 Ra3+ 58. g3 Ra2
59. Rb5 Kh6 60. Rc5 Rf2 61. Rb5 g5 62. Rb6+ Kh5 63. g4+ fxg4+ 64. Kg3 Rf3+ 65.
Kg2 Ra3 66. Rc6 g3 67. Rc4 1/2-1/2

[Event "21. Open Cappelle la Grande"]
[Site "Cappelle la Grande FRA"]
[Date "2005.02.13"]
[Round "3"]
[White "Delemarre, Jop"]
[Black "Kruppa, Yuri"]
[Result "1/2-1/2"]
[WhiteElo "2427"]
[BlackElo "2553"]
[PlyCount "33"]
[EventDate "2005.02.12"]
[EventType "swiss"]
[EventRounds "9"]
[EventCountry "FRA"]
[Source "lmi"]
[SourceDate "2005.02.18"]

1. d4 Nf6 2. c4 g6 3. Nc3 Bg7 4. e4 O-O 5. h3 c5 6. d5 e6 7. e5 Ne8 8. Nf3 d6
9. Bg5 Qb6 10. Qd2 f6 11. exf6 Nxf6 12. dxe6 Bxe6 13. Be2 Nc6 14. O-O Nd4 15.
Nxd4 cxd4 16. Bxf6 Bxf6 17. Nd5 1/2-1/2

[Event "21. Open Cappelle la Grande"]
[Site "Cappelle la Grande FRA"]
[Date "2005.02.13"]
[Round "3"]
[White "Predojevic, Borki"]
[Black "Siebrecht, Sebastian"]
[Result "1-0"]
[WhiteElo "2546"]
[BlackElo "2408"]
[PlyCount "60"]
[EventDate "2005.02.12"]
[EventType "swiss"]
[EventRounds "9"]
[EventCountry "FRA"]
[Source "lmi"]
[SourceDate "2005.02.18"]

1. e4 c5 2. Nf3 e6 3. d4 cxd4 4. Nxd4 a6 5. Nc3 Qc7 6. Bd3 Nf6 7. O-O b5 8. Qe2
d6 9. f4 Bb7 10. Bd2 Be7 11. Kh1 Nbd7 12. a4 bxa4 13. Nxa4 O-O 14. Nb3 Rfb8 15.
Ba5 Qc6 16. Nd4 Qc8 17. e5 Ne8 18. f5 dxe5 19. fxe6 fxe6 20. Nxe6 Qc6 21. Nc3
h6 22. Bc4 Kh8 23. Rad1 Nb6 24. Bxb6 Qxb6 25. Nf8 Rc8 26. Nd7 Qxb2 27. Nxe5
Qxc3 28. Nf7+ Kh7 29. Bd3+ Kg8 30. Qxe7 Nf6 1-0

[Event "21. Open Cappelle la Grande"]
[Site "Cappelle la Grande FRA"]
[Date "2005.02.13"]
[Round "3"]
[White "Jaracz, Pawel"]
[Black "Froeyman, Helmut"]
[Result "1-0"]
[WhiteElo "2532"]
[BlackElo "2316"]
[PlyCount "53"]
[EventDate "2005.02.12"]
[EventType "swiss"]
[EventRounds "9"]
[EventCountry "FRA"]
[Source "lmi"]
[SourceDate "2005.02.18"]

1. c4 f5 2. g3 Nf6 3. Bg2 e6 4. Nf3 d5 5. O-O c6 6. d3 Be7 7. Nc3 O-O 8. Qc2
Na6 9. a3 Bd7 10. e4 Be8 11. cxd5 cxd5 12. exf5 exf5 13. Be3 Bf7 14. Nb5 Qd7
15. Nbd4 Ng4 16. Bf4 Rac8 17. Qd2 g6 18. Rfe1 Rfe8 19. h3 Nf6 20. Be5 Nc5 21.
Re2 Qa4 22. Nxf5 gxf5 23. Qg5+ Bg6 24. Bxf6 Bxf6 25. Rxe8+ Rxe8 26. Qxf6 Nxd3
27. Nh4 1-0

[Event "21. Open Cappelle la Grande"]
[Site "Cappelle la Grande FRA"]
[Date "2005.02.13"]
[Round "3"]
[White "Frois, Antonio"]
[Black "Vuckovic, Bojan"]
[Result "0-1"]
[WhiteElo "2349"]
[BlackElo "2525"]
[PlyCount "70"]
[EventDate "2005.02.12"]
[EventType "swiss"]
[EventRounds "9"]
[EventCountry "FRA"]
[Source "lmi"]
[SourceDate "2005.02.18"]

1. e4 c5 2. Nf3 Nc6 3. d3 Nf6 4. g3 d5 5. Nbd2 e5 6. Bg2 Be7 7. O-O d4 8. Nc4
Bg4 9. a4 Nd7 10. h3 Bh5 11. Bd2 O-O 12. Qe1 Kh8 13. Nh2 b6 14. f4 exf4 15.
Bxf4 Re8 16. Qf2 Bf8 17. Bf3 Bxf3 18. Nxf3 f6 19. g4 a6 20. g5 b5 21. axb5 axb5
22. Rxa8 Qxa8 23. Nd6 Bxd6 24. Bxd6 Re6 25. Bf4 Qe8 26. Kh2 f5 27. Nd2 c4 28.
Qg3 c3 29. bxc3 dxc3 30. Nb1 b4 31. exf5 Re2+ 32. Kh1 Nd4 33. f6 Qa8+ 34. Kg1
Rxc2 35. fxg7+ Kg8 0-1

[Event "21. Open Cappelle la Grande"]
[Site "Cappelle la Grande FRA"]
[Date "2005.02.13"]
[Round "3"]
[White "Hebden, Mark"]
[Black "Feller, Sebastien"]
[Result "1-0"]
[WhiteElo "2521"]
[BlackElo "2191"]
[PlyCount "79"]
[EventDate "2005.02.12"]
[EventType "swiss"]
[EventRounds "9"]
[EventCountry "FRA"]
[Source "lmi"]
[SourceDate "2005.02.18"]

1. d4 Nf6 2. Nf3 g6 3. Nc3 d5 4. Bf4 Bg7 5. e3 Nh5 6. Bg5 h6 7. Bh4 c6 8. Ne5
Qb6 9. Rb1 Nf6 10. Bd3 Be6 11. b4 Nbd7 12. f4 Nxe5 13. fxe5 Nd7 14. O-O Qc7 15.
Ne2 g5 16. Be1 Nb6 17. Ng3 Nc4 18. Qe2 b5 19. e4 O-O-O 20. Nf5 Bf8 21. c3 a6
22. a4 Kb7 23. axb5 axb5 24. Ra1 Qb6 25. Bxc4 bxc4 26. exd5 cxd5 27. Bd2 Rg8
28. Ra5 g4 29. Qd1 Bd7 30. Rxd5 Bxf5 31. Rxd8 Be6 32. Qa4 Qxd8 33. Ra1 Bd5 34.
Qa7+ Kc8 35. Qc5+ Kb7 36. e6 Qd6 37. Qb5+ Kc8 38. Bf4 Qxf4 39. Qd7+ Kb8 40.
Qd8+ 1-0

[Event "21. Open Cappelle la Grande"]
[Site "Cappelle la Grande FRA"]
[Date "2005.02.13"]
[Round "3"]
[White "Zelcic, Robert"]
[Black "Cappon, John"]
[Result "1/2-1/2"]
[WhiteElo "2514"]
[BlackElo "2186"]
[PlyCount "65"]
[EventDate "2005.02.12"]
[EventType "swiss"]
[EventRounds "9"]
[EventCountry "FRA"]
[Source "lmi"]
[SourceDate "2005.02.18"]

1. e4 c5 2. Nf3 e6 3. d4 cxd4 4. Nxd4 a6 5. Nc3 Qc7 6. Be2 b5 7. O-O Bb7 8. Re1
Nc6 9. Nxc6 dxc6 10. e5 Bb4 11. a4 Ne7 12. Bd3 Ng6 13. Qg4 Be7 14. Bxg6 hxg6
15. Bg5 Bxg5 16. Qxg5 Rh5 17. Qg3 c5 18. axb5 Qe7 19. Ne4 axb5 20. Nd6+ Kf8 21.
Rxa8+ Bxa8 22. Qa3 Bd5 23. Qxc5 Kg8 24. g3 Kh7 25. Ne4 Qb7 26. Qd4 Qc7 27. Nd6
Qxc2 28. b4 Qb3 29. Qf4 Qc3 30. Rc1 Rxe5 31. Qh4+ Kg8 32. Qd8+ Kh7 33. Qh4+
1/2-1/2

[Event "21. Open Cappelle la Grande"]
[Site "Cappelle la Grande FRA"]
[Date "2005.02.13"]
[Round "3"]
[White "Denayer, Eric"]
[Black "Gouliev, Namig"]
[Result "0-1"]
[WhiteElo "2189"]
[BlackElo "2514"]
[PlyCount "102"]
[EventDate "2005.02.12"]
[EventType "swiss"]
[EventRounds "9"]
[EventCountry "FRA"]
[Source "lmi"]
[SourceDate "2005.02.18"]

1. d4 d5 2. c4 dxc4 3. e4 e5 4. Nf3 exd4 5. Qxd4 Nc6 6. Qxd8+ Nxd8 7. Bxc4 Be6
8. Bb5+ c6 9. Bd3 Nf6 10. Nc3 Be7 11. O-O O-O 12. Bg5 h6 13. Bh4 Re8 14. Rfe1
Nd7 15. Bxe7 Rxe7 16. Nd4 Nc5 17. Bf1 a5 18. Rac1 b6 19. f3 a4 20. Red1 Rc7 21.
Nxe6 Ndxe6 22. Ne2 Rd8 23. Rxd8+ Nxd8 24. Rd1 Nde6 25. Kf2 Kf8 26. Ke3 a3 27.
b3 Na6 28. Nc1 Nb4 29. Rd2 Nc5 30. Bd3 Ke7 31. Bb1 b5 32. f4 Rc8 33. Ne2 g6 34.
Nd4 Rd8 35. Nf3 Nd7 36. Nd4 Nf6 37. h3 h5 38. g3 Rd7 39. Nf3 c5 40. Rxd7+ Nxd7
41. Ne5 Nb8 42. Nd3 Nxd3 43. Kxd3 Nc6 44. Kd2 Nd4 45. Ke3 b4 46. Kd2 Nb5 47.
Bd3 Nc3 48. Kc2 Nxa2 49. e5 Nc3 50. f5 g5 51. h4 g4 0-1